Film che iniziano per R - Statistics

Statistiche generali
  • Questo quiz è stato fatto 130 volte
  • Il punteggio medio è 10 su 20
Statistiche sulle risposte
Descrizione Film % Corretto
Un giovane nobile decide di diventare un fuorilegge e di rubare ai ricchi per ridistribuire la ricchezza ai poveri. Robin Hood
91%
Un giovane topo aspira a diventare uno chef. L'improbabile amicizia con un lavapiatti dà una svolta al suo sogno. Ratatouille
90%
Una giovane fanciulla dai capelli lunghi e magici è tenuta prigioniera in una torre da una strega malvagia. Rapunzel - L'intreccio della Torre
88%
Un pugile dilettante lavora come uomo delle pulizie e combatte match minori. La sua vita ha una svolta quando il campione dei pesi massimi lo sceglie per un incontro. Rocky
81%
Un adolescente viene accidentalmente inviato indietro nel tempo al 1955 dove combina un guaio. Ritorno al futuro
79%
Un cinico uomo d'affari scopre di avere un fratello autistico a cui il padre ha lasciato in eredità tutti i suoi averi. Rain Man - L'uomo della pioggia
58%
La rivalità tra due piloti della Formula Uno negli anni '70. Rush
56%
Una giovane principessa scozzese è insofferente alle tradizioni secolari del suo regno. Le sue irruente azioni scatenano il caos nel reame. Ribelle - The Brave
55%
Un cattivo dei videogiochi arcade è stanco di essere un antagonista, desidera essere un eroe. Ralph Spaccatutto
51%
Un naufrago si ritrova su un'isola deserta dove impara a sopravvivere. Un giorno scopre un'impronta umana e inizia a esplorare il territorio. Robinson Crusoe
49%
un ex soldato delle forze speciali viene arrestato ingiustamente dallo sceriffo locale e maltrattato. Sfuggito dalla prigionia sfrutta le sue abilità militari per vendicarsi. Rambo
48%
Un poliziotto di Detroit, dopo essere stato ucciso da una gang, viene resuscitato e trasformato in un Cyborg per proteggere la città. Robocop
45%
La vita e la carriera del famoso cantante inglese, compositore di "Your song" e "Candle in the Wind". Rocketman
40%
L'ascesa al potere di tre componenti della Banda della Magliana negli anni '70 e '80. Romanzo criminale
38%
Una giovane ricoverata in un ospedale psichiatrico, fa la conoscenza di un gruppo di altre donne, in particolare di Lisa, una manipolatrice carismatica e ribelle. Ragazze interrotte
35%
I protagonisti cercano di resistere all'oppressione nazista in una Roma del 1944; tra cui Pina, che tenta di salvare il suo amato dalla cattura. Roma Città Aperta
23%
Le vite di quattro personaggi si intrecciano attraverso la dipendenza da droghe. Requiem for a dream
15%
Una donna si risveglia una misteriosa struttura che conduce esperimenti biologici su un virus capace di trasformare le persone in zombie. Resident Evil
13%
Un giovane problematico di New York affronta il dolore e la perdita dopo la tragica morte del fratello. L'incontro con Ally cambia la sua vita. Remember Me
8%
Una giovane coppia della periferia del Connecticut, vive una vita apparentemente idilliaca ma la realtà è ben diversa. Revolutionary Road
8%
Nessun quiz corrispondente trovato
Distribuzione punteggi
Percentuale di utenti per punteggio
Percentile per numero di risposta
I tuoi punteggi nel tempo
Non hai fatto questo quiz